000 00380 a2200169 4500
001 190283
020 _a978-85-356-0882-3
040 _cMagnum
100 _aOliveira, Didi
240 1 0 _aUma árvore para um natal
_lpor
245 1 0 _aUma árvore para um natal
300 _a23
362 0 _a2008
440 1 _aPaulinas
697 _aLITERATURA INFANTO-JUVENIL
942 _cBK
999 _c190283
_d190283